Energy : (Record no. 10242)
[ view plain ]
| 000 -LEADER | |
|---|---|
| fixed length control field | 01410cam a2200337 a 4500 |
| 090 ## - LOCALLY ASSIGNED LC-TYPE CALL NUMBER (OCLC); LOCAL CALL NUMBER (OCLC) | |
| -- | 10242 |
| 001 - CONTROL NUMBER | |
| control field | 14034547 |
| 005 - DATE AND TIME OF LATEST TRANSACTION | |
| control field | 20060721150359.0 |
| 008 - FIXED-LENGTH DATA ELEMENTS--GENERAL INFORMATION | |
| fixed length control field | 050713s2006 caua b 001 0 eng |
| 010 ## - LIBRARY OF CONGRESS CONTROL NUMBER | |
| LC control number | 2005930626 |
| 020 ## - INTERNATIONAL STANDARD BOOK NUMBER | |
| International Standard Book Number | 9780495010852 : |
| 020 ## - INTERNATIONAL STANDARD BOOK NUMBER | |
| International Standard Book Number | 0495010855 : |
| 040 ## - CATALOGING SOURCE | |
| Original cataloging agency | DLC |
| Transcribing agency | DLC |
| 050 00 - LIBRARY OF CONGRESS CALL NUMBER | |
| Classification number | TJ163.9 |
| Item number | .H55 2006 |
| 082 ## - DEWEY DECIMAL CLASSIFICATION NUMBER | |
| Edition number | 21 |
| Classification number | 621.042 |
| Item number | HIN |
| 100 1# - MAIN ENTRY--PERSONAL NAME | |
| Personal name | Hinrichs, Roger, |
| Dates associated with a name | 1941- |
| 245 10 - TITLE STATEMENT | |
| Title | Energy : |
| Remainder of title | its use and the environment / |
| Statement of responsibility, etc | Roger A. Hinrichs, Merlin Kleinbach. |
| 250 ## - EDITION STATEMENT | |
| Edition statement | 4th ed. |
| 260 ## - PUBLICATION, DISTRIBUTION, ETC. (IMPRINT) | |
| Place of publication, distribution, etc | Belmont, CA : |
| Name of publisher, distributor, etc | Thomson, Brooks/Cole,2006. |
| Date of publication, distribution, etc | c2006. |
| 300 ## - PHYSICAL DESCRIPTION | |
| Extent | xviii, 595 p. : |
| Other physical details | ill., maps ; |
| Dimensions | 24 cm. |
| 500 ## - GENERAL NOTE | |
| General note | Distributer: Bacca. |
| 504 ## - BIBLIOGRAPHY, ETC. NOTE | |
| Bibliography, etc | Includes bibliographical references and index. |
| 650 #0 - SUBJECT ADDED ENTRY--TOPICAL TERM | |
| Topical term or geographic name as entry element | Power (Mechanics) |
| 650 #0 - SUBJECT ADDED ENTRY--TOPICAL TERM | |
| Topical term or geographic name as entry element | Power resources. |
| 700 1# - ADDED ENTRY--PERSONAL NAME | |
| Personal name | Kleinbach, Merlin H. |
| 942 ## - ADDED ENTRY ELEMENTS (KOHA) | |
| Source of classification or shelving scheme | Dewey Decimal Classification |
| Item type | Book - Borrowing |
| Withdrawn status | Item status | Source of classification or shelving scheme | Damaged status | Not for loan | Home library | Current library | Shelving location | Date acquired | Source of acquisition | Total Checkouts | Total Renewals | Full call number | Barcode | Date last seen | Date last borrowed | Koha item type |
|---|---|---|---|---|---|---|---|---|---|---|---|---|---|---|---|---|
| Dewey Decimal Classification | Central Library | Central Library | First floor | 22/10/2008 | Purchase | 4 | 23 | 621.042 HIN | 000014136 | 15/07/2025 | 18/08/2020 | Book - Borrowing | ||||
| Dewey Decimal Classification | Central Library | Central Library | First floor | 22/10/2008 | Purchase | 6 | 11 | 621.042 HIN | 000014137 | 15/07/2025 | 21/09/2020 | Book - Borrowing | ||||
| Dewey Decimal Classification | Central Library | Central Library | First floor | 22/10/2008 | Purchase | 621.042 HIN | 000014138 | 15/07/2025 | NB - Book (Non borrowing) |